A ilha dos papagaios e outras histórias (Registo nº 2244)

Detalhes MARC
000 -Etiqueta do registo
Cabeçalho 00784nam a22002651 4500
005 - Identificador da versão
Campo de controlo 20240813121928.0
095 ## -
-- PTBN00112706
021 ## - Número do Depósito Legal
Código do país PT
Número 20954/88
100 ## - Dados gerais de processamento
Dados gerais de processamento 19980609d1988 de y0pory5003 ba
102 ## - Pais de publicação ou produção
País de publicação Portugal
101 0# - Língua de publicação
Língua do texto, banda sonora, etc. Português
215 ## - Descrição física 
Indicação específica da natureza do documento e extensão da espécie 76, [3] p.
Outras indicações físicas il.
Dimensões 21 cm
200 1# - Titulo e menção de responsabilidade
Título próprio A ilha dos papagaios e outras histórias
Primeira menção de responsabilidade Fernanda de Castro
Outras menções de responsabilidade il. Fernando Bento
225 2# - Colecção 
Título próprio da colecção Picapau
Indicação de volume 11
205 ## - Menção da edição
Menção da edição 3ª ed
210 ## - Publicação, Distribuição, etc. 
Lugar da edição, distribuição, etc. Lisboa
Nome do editor, distribuidor, etc. Verbo
Data da publicação, distribuição, etc. imp. 1988
606 ## - Nome comum usado como assunto
Número de registo de entrada de autoridade 0000364
Palavra de ordem Literatura portuguesa infanto-juvenil
Subdivisão de assunto Conto
675 ## - Classificação Decimal Universal (CDU)
Notação 821.134.3-34
Edição
Língua da edição por
702 #1 - Nome de autor-pessoa física (responsabilidade secundária)
Número de registo de entrada de autoridade 0000237
Palavra de ordem Bento
Outra parte do nome não tomada para palavra de ordem Fernando
Datas 1910-
Código de função Ilustrador / Técnico de desenho computorizado
700 #1 - Nome de autor-pessoa física (responsabilidade principal)
Número de registo de entrada de autoridade 0001066
Palavra de ordem Castro
Outra parte do nome não tomada para palavra de ordem Fernanda de
Datas 1900-1994
942 ## - Elementos de entrada adicionados (Koha)
Tipo de item no Koha Livro
Exemplares
Situação do levantamento Origin of item (home branch) (coded) Biblioteca de empréstimo Código de barras Cota Circulation type (not for loan) Tipo de documento Nota do exemplar Damaged status
  Biblioteca Escolar da Coca Maravilhas Biblioteca Escolar da Coca Maravilhas BECM3627/98 8POR CAS   Livro Sem mensagem